000 00715nam a22001937a 4500
005 20251108164702.0
008 250721s1978 xx 000 0 ara d
082 1 4 _a415/سيو
100 1 _aالسيوطي، جلال الدين أبو الفضل عبد الرحمن
245 1 0 _aالألغاز النحوية و هو الفن الخامس من فنون الأشباه و النظائر للسيوطي /
264 1 _aالقاهرة :
_bمكتبة الكليات الأزهرية،
_c1978.
300 _a62ص
650 1 7 _aقواعد اللغة
650 1 7 _aعلم الصرف
650 1 7 _aالألغاز
700 1 _aسعد، طه عبد الرؤوف
_eتحقيق
942 _2ddc
_cREF
999 _c11827
_d11827